000 00376nam a2200097Ia 4500
008 180130s9999 xx 000 0 und d
245 _cClarke, Marilyn; Patrickson, Margaret
_aHuman resource management in Australia
260 _c2014
300 _aBook title: Managing human resources in Asia-Pacific--Acession number C18630; pages 223-241
650 _aPERSONNEL MANAGEMENT--ASIA
999 _c353820
_d353820